Java script programmer's reference (Record no. 171492)
[ view plain ]
| 000 -LEADER | |
|---|---|
| fixed length control field | 00370nam a2200145Ia 4500 |
| 008 - FIXED-LENGTH DATA ELEMENTS--GENERAL INFORMATION | |
| fixed length control field | 231217s9999 xx 000 0 und d |
| 041 ## - LANGUAGE CODE | |
| Language code of text/sound track or separate title | English |
| 082 ## - DEWEY DECIMAL CLASSIFICATION NUMBER | |
| Classification number | 001.6424JAV WOO |
| 100 ## - MAIN ENTRY--PERSONAL NAME | |
| Personal name | Wootton, Cliff |
| 245 #0 - TITLE STATEMENT | |
| Title | Java script programmer's reference |
| 260 ## - PUBLICATION, DISTRIBUTION, ETC. | |
| Date of publication, distribution, etc. | 2001 |
| Name of publisher, distributor, etc. | Shroff |
| Place of publication, distribution, etc. | Mumbai |
| 300 ## - PHYSICAL DESCRIPTION | |
| Extent | xix+973 |
| 650 ## - SUBJECT ADDED ENTRY--TOPICAL TERM | |
| Topical term or geographic name entry element | Java,script,programmer's |
| 942 ## - ADDED ENTRY ELEMENTS (KOHA) | |
| Koha item type | Books |
| Date last seen | Total checkouts | Full call number | Accession number | Price effective from | Category | Lost status | Damaged status | Department | Withdrawn status | Home library | Current library | Shelving location | Entry date | Grants | Billdate | Currency symbol | Conversion rate | Discount | Old discount | Cost, total (INR) price | Public note | Vendor | Cost, normal purchase price | Billnumber |
|---|---|---|---|---|---|---|---|---|---|---|---|---|---|---|---|---|---|---|---|---|---|---|---|---|
| 26/01/2024 | 001.6424JAV WOO | 26885 | 26/01/2024 | Books | CS | Central Library | Central Library | CS | 19/03/2004 | CS | 10/12/2005 | RS | 1 | |||||||||||
| 26/01/2024 | 001.6424JAV WOO;1 R | 36579 | 26/01/2024 | Books | Central Library | Central Library | Central Library | CS | 13/06/2005 | CS | 04/02/2004 | RS | 1 | 55 | 20 | 220.00 | Lost by 8636/CS receipt No. PESU/FO/2020-21/00162 | Sapna Book House | 275.00 | 27804 | ||||
| 26/01/2024 | 001.6424JAV WOO;2 R1 | 36580 | 26/01/2024 | Books | Central Library | Central Library | Central Library | Central Library | 13/06/2005 | CS | 04/02/2004 | RS | 1 | 55 | 20 | 220.00 | Sapna Book House | 275.00 | 27804 |
